000 02357nam0a2200445 4500
001 RU\NLR\bibl\1397790
005 20250615202947.0
010 _a978-5-87317-545-1
021 _aRU
_b2009-43086
_92618
035 _a(nilc)EL/0000290962
035 _aRUM0057638
035 _a(NLR Aleph) 001389810
090 _a1154876
_c1154876
100 _a20090610d2008 |||y0rusy50 ca
101 0 _arus
_deng
102 _aRU
105 _ay |||||||||
200 1 _aВодно-болотные угодья Московской области
_dWetlands in the Moscow Region
_eприродные, экономические и историко-культурные аспекты
_fМ.А. Аршинова, Ю.А. Веденин, О.С. Гринченко [и др.]
_gред.: И. Е. Каменнова [и др.]
_gРос. прогр. Междунар. орг. по сохранению водно-болот. угодий (Wetlands International)
_zeng
210 _aМосква
_c[б. и.]
_d2008
215 _a89 с.
_cил.
_d30
300 _aАвт. также на англ. яз.: M.A. Arshinova, Yu.A. Vedenin, O.S. Grinchenko [и др.]
300 _aРез. на англ. яз.
320 _aВспом. указ.: с. 84-86
510 0 _aWetlands in the Moscow Region. Natural, economic, historical and cultural aspects
_zeng
606 1 _aВодно-болотные угодья
_yМосковская область
_92609426
_3RU\NLR\auth\661545984
606 1 _aУсадьбы
_xИстория
_yМосковская область
_92362412
_3RU\NLR\auth\661410622
610 2 _aреки -- озера -- болота -- исторические парки и усадьбы -- природопользование -- охрана природы -- рекреация -- природоохранные мероприятия
686 _a87.29
_2rugasnti
686 _aД229(2Р344-4Мо)
686 _aТ3(2Р-4Мо)
701 1 _aАршинова
_bМ. А.
_4070
701 1 _aВеденин
_bЮ. А.
_4070
701 1 _aГринченко
_bО. С.
_4070
702 1 _aКаменнова
_bИ. Е.
_4340
801 0 _aRU
_bЦНСХБ РАСХН
_c20090610
_gRCR
801 1 _aRU
_bЦНСХБ РАСХН
_c20090610
801 2 _aRU
_bЦНСХБ РАСХН
_c20090916
_2rusmarc
801 2 _aRU
_bNLR
_c20090804
_grcr
942 _cBOOK
980 _aNB